|
|
|
|
| LEADER |
00000cam a2200000 7i4500 |
| 001 |
0000002652 |
| 005 |
20160720.0 |
| 008 |
070713 |
| 020 |
|
|
|a 9789673074617
|
| 020 |
|
|
|a 983151386X
|
| 090 |
0 |
0 |
|a JF
|b AD MAL (3547)
|
| 100 |
0 |
|
|a Badrul Hisham, Nurul Jannah
|
| 245 |
1 |
0 |
|a Misteri lukisan berhantu
|c Badrul Hisham, Nurul Jannah
|
| 260 |
|
|
|a Kuala Lumpur :
|b Penerbitan Fargoes ,
|c 2001, 2010
|
| 440 |
|
|
|a Siri 3 penyiasat
|
| 500 |
|
|
|a Children ages 7-9 years old (orange)
|
| 650 |
|
0 |
|a Adventure
|
| 650 |
|
0 |
|a Junior fiction
|x Malay
|x Languages
|
| 710 |
0 |
|
|a Title
|
| 999 |
|
|
|a 0000881765
|b Book
|c Children Collection
|e Cawangan Pontian
|
| 999 |
|
|
|a 0000881766
|b Book
|c Children Collection
|e Cawangan Taman Universiti
|
| 999 |
|
|
|a 0000881774
|b Book
|c Children Collection
|e Cawangan Segamat
|
| 999 |
|
|
|a 0000881775
|b Book
|c Children Collection
|e Cawangan Pontian
|
| 999 |
|
|
|a 0000969003
|b Book
|c Children Collection
|e Perbadanan Perpustakaan Awam Johor
|
| 999 |
|
|
|a 0000969004
|b Book
|c Children Collection
|e Perbadanan Perpustakaan Awam Johor
|
| 999 |
|
|
|a 0000969005
|b Book
|c Children Collection
|e Cawangan Segamat
|
| 999 |
|
|
|a 0000969006
|b Book
|c Children Collection
|e Perbadanan Perpustakaan Awam Johor
|
| 999 |
|
|
|a 0001091853
|b Book
|c Children Collection
|e Cawangan Segamat
|
| 999 |
|
|
|a 0001091860
|b Book
|c Children Collection
|e Cawangan Segamat
|
| 999 |
|
|
|a 0001091876
|b Book
|c Children Collection
|e Cawangan Bukit Gambir
|
| 999 |
|
|
|a 0001091892
|b Book
|c Children Collection
|e Cawangan Taman Sri Lambak
|
| 999 |
|
|
|a 0001091908
|b Book
|c Children Collection
|e Cawangan Mersing
|
| 999 |
|
|
|a 0001091924
|b Book
|c Children Collection
|e Cawangan Pontian
|
| 999 |
|
|
|a 0001091956
|b Book
|c Children Collection
|e Cawangan Tangkak
|
| 999 |
|
|
|a 0001091981
|b Book
|c Children Collection
|e Cawangan Bandar Penawar
|
| 999 |
|
|
|a 0001092013
|b Book
|c Children Collection
|e Cawangan Bandar Tenggara
|
| 999 |
|
|
|a 0001092020
|b Book
|c Children Collection
|e Cawangan Kota Tinggi
|
| 999 |
|
|
|a 0001092077
|b Book
|c Children Collection
|e Cawangan Taman Universiti
|
| 999 |
|
|
|a 0001092148
|b Book
|c Children Collection
|e Cawangan Pontian
|
| 999 |
|
|
|a 0001092164
|b Book
|c Children Collection
|e Cawangan Kota Tinggi
|
| 999 |
|
|
|a 0001092205
|b Book
|c Children Collection
|e Cawangan Bukit Gambir
|
| 999 |
|
|
|a 0001092244
|b Book
|c Children Collection
|e Cawangan Tmn. Ungku Tun Aminah
|
| 999 |
|
|
|a 0001094282
|b Book
|c Children Collection
|e Cawangan Taman Universiti
|
| 999 |
|
|
|a 0001094339
|b Book
|c Children Collection
|e Cawangan Bukit Gambir
|
| 999 |
|
|
|a 0001094371
|b Book
|c Children Collection
|e Cawangan Taman Universiti
|
| 999 |
|
|
|a 0001094403
|b Book
|c Children Collection
|e Cawangan Bandar Penawar
|
| 999 |
|
|
|a 0001094420
|b Book
|c Children Collection
|e Cawangan Segamat
|
| 999 |
|
|
|a 0001094452
|b Book
|c Children Collection
|e Cawangan Taman Sri Lambak
|
| 999 |
|
|
|a 0001094484
|b Book
|c Children Collection
|e Cawangan Kota Tinggi
|
| 999 |
|
|
|a 0001094500
|b Book
|c Children Collection
|e Cawangan Bukit Gambir
|
| 999 |
|
|
|a 0001094532
|b Book
|c Children Collection
|e Cawangan Mersing
|
| 999 |
|
|
|a 0001094564
|b Book
|c Children Collection
|e Cawangan Pontian
|
| 999 |
|
|
|a 0001094580
|b Book
|c Children Collection
|e Cawangan Segamat
|
| 999 |
|
|
|a 0001094627
|b Book
|c Children Collection
|e Cawangan Tmn. Ungku Tun Aminah
|
| 999 |
|
|
|a 0001094675
|b Book
|c Children Collection
|e Cawangan Tmn. Ungku Tun Aminah
|
| 999 |
|
|
|a 0001094692
|b Book
|c Children Collection
|e Cawangan Segamat
|